1414 1671 1192 1511 1235 1215 1487 1381 1129 1139 1550 1960 1729 1254 1486 1081 1245 1741 1668 1062 1393 1182 1223 1884 1718 1781 1654 1429 1617 1533 1079 1003 1368 1763 1997 1940 1102 1271 1686 1679 1177 1672 1201 1214 1784 1921 1363 1188 1669 1767 1776 1054 1828 1205 1480 1918 1345 1488 1691 1363 1450 1337 1209 1544 1477 1542 1016 1131 1923 1359 1221 1060 1866 1112 1250 1030 1760 1514 1894 1847 1368 1623 1986 1230 1091 1311 1866 1880 1920 1287 1467 1872 1686 1196 1443 1951 1431 1196 1328 BCNSPRNW ULIB Ver.6.0+V

เปลี่ยนเป็นภาษาไทย

Change to English
 แสดงรายละเอียดบรรณานุกรม
  กลับหน้าหลัก

Brief Record : Get Marc (ISO 2709) : E-mail record : QR code < ปิดหน้าต่าง
LEADER : 00000nam 2200000uu 4500
001    13399112644
003     ULIB
008    110829s2549||||th 000 0 tha d
020    9741105118
041 0  thaeng
050  4 HV5740^bม122ก 2549
100 0  มณฑา เก่งการพานิช
245 10 การทบทวนและวิเคราะห์ทิศทางการวิจัยการควบคุมยาสูบของประเทศไทย พ.ศ. 2519-2549 /^cคณะผู้จัดทำ มณฑา เก่งการพานิช, ลักขณา เติมศิริกุลชัย และสาโรจน์ นาคจู
250    พิมพ์ครั้งที่ 1
260    กรุงเทพฯ :^bศูนย์วิจัยและจัดการความรู้เพื่อการควบคุมการบริโภคยาสูบ,^c2549
300    ก-ฬ, 461 หน้า ;^c26 ซม.
505 0  เศรษฐศาสตร์ -- สุขศึกษาและพฤติกรรมศาสตร์ --การสูบบุหรี่กับสุขภาพ การเจ็บป่วยและโรค -- การศึกษาทางด้านนโยบาย กฎหมายและมาตรการที่เกี่ยวข้องกับยาสูบ -- การศึกษาสถานการณ์และระบาดวิทยาการสูบบุหรี่/ยาสูบชนิดต่าง ๆ-- ยาสูบกับผู้หญิง -- เด็กและเยาวชน นักเรียน นักศึกษา -- อื่น ๆ
650  4 บุหรี่^vสาระสังเขป
650  4 ยาสูบ^vสาระสังเขป
700 0  ลักขณา เติมศิริกุลชัย
700 0  สาโรจน์ นาคจู
710 2  ศูนย์วิจัยและจัดการความรู้เพื่อการควบคุมการบริโภคยาสูบ(ศจย.)
945    ^p0^l0^i023170
945    ^p0^l0^i023225
995    ทศพร
999 ^a ทศพร
รายการนี้ยังไม่มีแท็ก
คุณยังไม่ได้ล็อกอิน คุณสามารถมีกิจกรรมร่วมกับเว็บไซต์ได้ แต่ต้องล็อกอินก่อน ::
  ล็อกอิน

รายการสื่อสารสนเทศ

ลำดับที่ ประเภท เลขเรียก/บาร์โค้ด สถานที่ สถานะ
- ไม่พบข้อมูล -

รายการใกล้เคียง
    ผู้แต่ง [มณฑา เก่งการพานิช]

BibComment


ยังไม่เคยถูกคอมเมนท์

คอมเมนท์ทรัพยากรรายการนี้
  คอมเมนท์: การทบทวนและวิเครา..


 Copyright 2026. Bcnsprnw @Library